000 00802cam a2200205 4500
005 20160128164010.0
008 160111b mx ||||| |||| 00| 0 spa d
020 _a9688591440
050 0 4 _aD16
_b.16 C47 1995
050 0 4 _aD16 .16 C47 1995
100 1 _aCerteau, Michel de
245 1 0 _aHistoria y psicoanálisis entre ciencia y ficción /
_cMichel de Certeau ; tr. de Alfonso Mendiola.
250 _a1a ed.
260 _aMéxico :
_bUniversidad Iberoamericana, Departamento de Historia,
_bInstituto Tecnológico y de Estudios Superiores de Occidente,
_c1995
300 _a160 p. ;
_c23 cm.
500 _aNota : Título en francés: Histoire et psychanalyse entre science et fiction.
650 7 _2LEMB
_aHistoria
_xAspectos psicológicos
700 1 _aMendiola, Alfonso,
_etr.
942 _2lcc
_cLIB
999 _c57847
_d57847